Văn học Việt Nam thế kỷ XX Q.2, T.V Truyện ngắn 1945 - 1975

Na minha lista:
Detalhes bibliográficos
Outros Autores: Bùi Việt Thắng (sưu tầm, biên soạn), Hà Văn Đức (sưu tầm, biên soạn)
Formato: Livro
Idioma:Vietnamese
Publicado em: H. Văn học 2004
Assuntos:
Tags: Adicionar Tag
Sem tags, seja o primeiro a adicionar uma tag!
Thư viện lưu trữ: Mạng thư viện Đại học Đà Nẵng
LEADER 01232nam a2200349 4500
001 000005783
003 1932
005 20120516100515.0
008 110822s2004 viesd
020 |c 0 
041 0 |a vie 
082 |a 895.9223  |b VAN 
245 1 0 |a Văn học Việt Nam thế kỷ XX  |c Phan Cự Đệ chủ biên  |n Q.2, T.V  |p Truyện ngắn 1945 - 1975 
260 |a H.  |b Văn học  |c 2004 
300 |a 1007 tr.  |c 24 cm 
653 |a Văn học Việt Nam 
653 |a Truyện ngắn 1945 - 1975 
653 |a Nghiên cứu văn học 
700 |a Bùi Việt Thắng  |e sưu tầm, biên soạn 
700 |a Hà Văn Đức  |e sưu tầm, biên soạn 
773 |t Văn học Việt Nam thế kỷ XX  |w 1848 
910 |a Thu Sương  |d 19/8/2011 
OWN |a LSP 
AVA |a UDN50  |b LSP  |d 895.9223 VAN  |e available  |t Error 5001 Not defined in file expand_doc_bib_avail.  |f 2  |g 0  |h N  |i 0  |k 1 
999 |a From the UDN01 
AVA |a UDN50  |b LSP  |d 895.9223 VAN  |e available  |t Error 5001 Not defined in file expand_doc_bib_avail.  |f 2  |g 0  |h N  |i 0  |k 1 
TYP |a Monograph 
TYP |a Printed language 
980 |a Mạng thư viện Đại học Đà Nẵng